01493nab a22002417a 4500999001500000003000400015005001700019008004100036040000700077100002900084245016500113260007300278300001500351500003600366505047900402505008200881650002300963650003300986650003001019650003401049773015501083942001301238 c5563d5563OSt20251218094419.0190429b xxu||||| |||| 00| 0 spa d cPJ 96541aSaldaño, Darío10aInterfaces neuronales, inteligencia artificial, tecnologías disruptivas y teoría del delito. Los problemas de los delitos de omisión /cDarío Saldaño. cCiudad Autónoma de Buenos Aires :aThomson Reuters La Ley, b2025. ap. 171-193 aCita: TR LALEY AR/DOC/404/2025. aSumario: I. Introducción.— II. Inteligencia artificial y responsabilidad penal.— III. Redes neuronales.— IV. Interfaces neuronales.— V. Acción y omisión.— VI. Fundamentos de los delitos de omisión.— VII. Introducción a los delitos de omisión impropia.— VIII. Cuestiones relevantes de los delitos de omisión.— IX. Definiciones en la doctrina.— X. Algunas cuestiones problemáticas en delitos de omisión y tecnología.— XI. Conclusiones.  tSi te interesa el texto completo, solicitalo a koha@justierradelfuego.gov.ar  09343aDERECHO PENAL 096081aCIENCIA Y TECNOLOGÍA 092217aDELITO DE OMISIÓN 095817aINTELIGENCIA ARTIFICIAL0 0265893164tRevista de derecho penal y criminología. Nº 3 - Abril 2025dCiudad Autónoma de Buenos Aires : Thomson Reuters La Ley, 2017-x00347914 2udccANA